000 03057cam a2200433 i 4500
001 20852225
005 20250425140849.0
008 190201s2019 enka b 001 0 eng c
010 _a 2018058748
020 _a9781472577191
020 _a978-93-61311-33-8 (pbk)
037 _cTB
040 _aAL
_beng
_cAL
_erda
_dAL
041 _2eng
_aeng
042 _apcc
050 0 0 _aPR990
_b.J65 2019
084 _aO111(Y11):g Q9
_qAL
100 1 _aJoy, Louise,
_d1979-
_eauthor.
_9753023
245 1 0 _aLiterature's children:
_bthe critical child and the art of idealization
260 _aLondon, UK:
_aNew York, USA:
_bBloomsbury Academic,
_c2019.
264 1 _c2019.
300 _avii, 247p.
_billustrations ;
_c25 cm.
336 _atext
_btxt
_2rdacontent
337 _aunmediated
_bn
_2rdamedia
338 _avolume
_bnc
_2rdacarrier
365 _b999.00
_cINR
490 0 _aBloomsbury perspectives on children's literature
504 _aIncludes bibliographical references (pages 217-237) and index.
505 0 _aEighteenth-century poetry and the complexity of the child's mind -- Laughter and the permission to critique -- On seeing : Kate Greenaway's Under the window -- On crying : E. Nesbit's The railway children -- On being (bored) : Kenneth Grahame's The wind in the willows -- On talking : J.R.R. Tolkien's The hobbit -- On loving : Malcolm Saville's Lone pine series.
520 _a"Literature's Children offers a new way of thinking about how literature for children functions didactically. It analyses the nature of the practical critical activity which the child reader carries out, emphasising what the child does to the text rather than what he or she receives from it. Through close readings of a range of so-called 'Golden Age' novels for children which continue to shape our understanding of what children's literature entails, including The Railway Children, The Wind in the Willows, The Hobbit, and mid-20th-century series fiction, it demonstrates how the child critic resists the processes of idealisation at work in such texts. By bringing together ideas from literary theory and the philosophy of education, drawing in particular on the work of the philosopher John Dewey, it provides a compelling new account of the complex relationships between literary aesthetics and literary didacticism"--
_cProvided by publisher.
650 0 _aChildren's literature, English
_xHistory and criticism.
_9753024
650 0 _aChildren
_xBooks and reading
_xHistory.
_9753025
650 0 _aReader-response criticism.
_9753026
776 0 8 _iOnline version:
_aJoy, Louise, 1979- author.
_tLiterature's children
_dLondon, UK ; New York, NY : Bloomsbury Academic, 2019
_z9781472577207
_w(DLC) 2019007945
906 _a7
_bcbc
_corignew
_d1
_eecip
_f20
_gy-gencatlg
942 _2CC
_cTB
_hO111(Y11):g Q9
_n0
999 _c1309398
_d1309398